000 01086 a2200205 4500
020 _a0324072864 (paperback)
020 _a9780324072860 (paperback)
082 0 4 _a658.4
090 _c5342
_d5342
100 1 _aMarcic, Dorothy.
245 1 0 _aOrganizational behavior :
_bexperiences and cases /
_cDorothy Marcic, Joe Seltzer, Peter Vaill.
250 _a6th ed.
260 _a[S.l.] :
_bThomson South-Western,
_c2000.
300 _a464 p. ;
_c25 cm.
520 _aThis text is a compilation of 67 engaging, flexible, and tested exercises for active learning of organizational behavior. Exercises range from the simple to the complex and can be implemented as individual or group activities. Self-inventories, role-plays, and case studies provide a diversity of experiences. A section of 11 short readings serves as an anchor to students new to experiential methods, group processes, and case analysis.
700 1 _aSeltzer, Joe.
700 1 _aVaill, Peter.
856 4 0 _3Amazon.com
_uhttp://www.amazon.com/exec/obidos/ASIN/0324072864/chopaconline-20
942 _aNBS
_cBK
_k658.4 MAR
999 _c347754
_d347754